Guess the kdramas by characters(hard) - Statistics

General Stats
  • This quiz has been taken 191 times
  • The average score is 3 of 15
Answer Stats
Picture Answer % Correct
Move to Heaven
55%
Night has come
46%
Eve
43%
Lawless lawyer
35%
The call
35%
Doctor stranger
32%
Pinnochio
28%
Gu family book
9%
Sell your haunted house
8%
Judge vs Judge / Nothing to lose
7%
The dude in me / The man inside me
7%
Secret zoo
4%
Pawn
3%
Everyone is there
2%
Justice high
2%
No matching quizzes found
Score Distribution
Percent of People with Each Score
Percentile by Number Answered
Your Score History
You have not taken this quiz